[Event "España tch 1a Division Sur"]
[Site "Burguillos ESP"]
[Date "2007.08.23"]
[Round "2.51"]
[White "Arizmendi Martinez, Julen Luis"]
[Black "Mirzoev, Azer"]
[Result "1/2-1/2"]
[WhiteElo "2522"]
[BlackElo "2551"]
[PlyCount "25"]
[EventDate "2007.08.22"]
[EventType "team"]
[EventRounds "1"]
[EventCountry "ESP"]
[EventCategory "1"]
[Source "lmi"]
[SourceDate "2007.08.22"]
[WhiteTeam "Evajedrez"]

1. e4 e5 2. Bc4 Nc6 3. Nf3 Bc5 4. c3 Nf6 5. d3 a6 6. Nbd2 Ba7 7. Bb3 O-O 8. h3
d5 9. Qe2 Re8 10. Nf1 h6 11. Ng3 Be6 12. O-O Bc5 13. Rd1 1/2-1/2

[Event "España tch 1a Division Sur"]
[Site "Burguillos ESP"]
[Date "2007.08.23"]
[Round "2.52"]
[White "Oms Pallise, Josep"]
[Black "Valmaña Canto, Jaime"]
[Result "1/2-1/2"]
[WhiteElo "2517"]
[BlackElo "2346"]
[PlyCount "73"]
[EventDate "2007.08.22"]
[EventType "team"]
[EventRounds "1"]
[EventCountry "ESP"]
[EventCategory "1"]
[Source "lmi"]
[SourceDate "2007.08.22"]
[BlackTeam "Evajedrez"]

1. d4 Nf6 2. c4 g6 3. Nc3 Bg7 4. e4 d6 5. f3 O-O 6. Be3 c5 7. dxc5 dxc5 8. Qxd8
Rxd8 9. Bxc5 Nc6 10. Ba3 a5 11. Rd1 Be6 12. Rxd8+ Rxd8 13. Nd5 Nb4 14. Nxb4
axb4 15. Bxb4 Nd7 16. Ne2 Bxb2 17. Nf4 Ra8 18. Nxe6 fxe6 19. Bd3 Rxa2 20. Bb1
Ra4 21. Bxe7 Rxc4 22. Ke2 Kf7 23. Bg5 Bd4 24. Rc1 Rxc1 25. Bxc1 Nc5 26. Bc2 e5
27. g3 Kf6 28. h4 Ne6 29. f4 Bc5 30. Bb1 h5 31. Kf1 Nd4 32. fxe5+ Kxe5 33. Bf4+
Ke6 34. e5 Nf3 35. Ba2+ Ke7 36. Bg5+ Ke8 37. Kg2 1/2-1/2

[Event "España tch 1a Division Sur"]
[Site "Burguillos ESP"]
[Date "2007.08.23"]
[Round "2.54"]
[White "Oussama, Omar"]
[Black "Salvador Lopez, Daniel"]
[Result "1-0"]
[WhiteElo "2330"]
[BlackElo "2186"]
[PlyCount "59"]
[EventDate "2007.08.22"]
[EventType "team"]
[EventRounds "1"]
[EventCountry "ESP"]
[EventCategory "1"]
[Source "lmi"]
[SourceDate "2007.08.22"]
[BlackTeam "Evajedrez"]

1. c4 e5 2. g3 Nf6 3. Bg2 d5 4. cxd5 Nxd5 5. Nf3 Nc6 6. O-O Nb6 7. d3 Be7 8.
Nbd2 O-O 9. a3 a5 10. b3 Re8 11. Bb2 Bf8 12. Rc1 f5 13. Rxc6 bxc6 14. Nxe5 Nd5
15. Nxc6 Qd6 16. Nd4 Bb7 17. Nxf5 Qd7 18. Nd4 Bxa3 19. Bxa3 Nc3 20. Qa1 Bxg2
21. Kxg2 Qxd4 22. Nf3 Qf6 23. Bb2 Rxe2 24. Bxc3 Qf7 25. Qd1 Rae8 26. Ng5 Qh5
27. Ne4 Rf8 28. Kg1 Qf3 29. Bxa5 Rd8 30. Nc3 1-0

[Event "España tch 1a Division Sur"]
[Site "Burguillos ESP"]
[Date "2007.08.23"]
[Round "2.62"]
[White "Gonzalez Menendez, Ivan"]
[Black "Vallejo Diaz, Javier"]
[Result "0-1"]
[WhiteElo "2388"]
[BlackElo "2319"]
[PlyCount "110"]
[EventDate "2007.08.22"]
[EventType "team"]
[EventRounds "1"]
[EventCountry "ESP"]
[EventCategory "1"]
[Source "lmi"]
[SourceDate "2007.08.22"]
[WhiteTeam "Universidad de Oviedo"]
[BlackTeam "El Retiro"]

1. e4 d6 2. d4 Nf6 3. Nc3 g6 4. g3 Bg7 5. Bg2 O-O 6. Nge2 e5 7. O-O Nbd7 8. h3
c6 9. a4 a5 10. b3 Re8 11. Bb2 Qb6 12. d5 cxd5 13. Nxd5 Nxd5 14. Qxd5 Nf6 15.
Qb5 Qc7 16. Qd3 Be6 17. Rfd1 Red8 18. c4 Nd7 19. Nc3 Nc5 20. Qc2 Rac8 21. Ba3
b6 22. Nb5 Qe7 23. Rd2 Bh6 24. Re2 Bf8 25. Rd1 Rd7 26. Qc3 f6 27. Qe3 Qf7 28.
Red2 Rcd8 29. Kh2 Qe7 30. h4 Qf7 31. Bh3 Bxh3 32. Kxh3 f5 33. exf5 Qxf5+ 34. g4
Qe6 35. Bxc5 bxc5 36. Nc3 Rf7 37. Nd5 h5 38. Qg5 Rb8 39. Kg2 hxg4 40. Rd3 Qf5
41. R1d2 Kh7 42. Kg3 Bh6 43. Qxf5 gxf5 44. Rb2 Kg6 45. Nc3 Bf4+ 46. Kg2 e4 47.
Rd1 Be5 48. Rc1 Rfb7 49. Rbb1 Rxb3 50. Nb5 Rxb1 51. Rxb1 f4 52. Rb3 Rh8 53. Rb1
Rxh4 54. Nxd6 f3+ 55. Kg1 Bh2+ 0-1

[Event "España tch 1a Division Sur"]
[Site "Burguillos ESP"]
[Date "2007.08.23"]
[Round "2.63"]
[White "Perez Gonzalez, Jose Manuel"]
[Black "Suarez Real, Alberto"]
[Result "0-1"]
[WhiteElo "2297"]
[BlackElo "2386"]
[PlyCount "110"]
[EventDate "2007.08.22"]
[EventType "team"]
[EventRounds "1"]
[EventCountry "ESP"]
[EventCategory "1"]
[Source "lmi"]
[SourceDate "2007.08.22"]
[WhiteTeam "El Retiro"]
[BlackTeam "Universidad de Oviedo"]

1. e4 c5 2. Nf3 Nc6 3. d4 cxd4 4. Nxd4 Nf6 5. Nc3 e5 6. Ndb5 d6 7. Bg5 a6 8.
Na3 b5 9. Bxf6 gxf6 10. Nd5 f5 11. Bd3 Be6 12. O-O Bg7 13. Qh5 f4 14. c4 bxc4
15. Bxc4 Nd4 16. Rac1 Rc8 17. b3 O-O 18. Nc2 Nxc2 19. Rxc2 Bxd5 20. exd5 f5 21.
Rfc1 Qa5 22. Bf1 Rxc2 23. Rxc2 Kh8 24. Qd1 e4 25. Qd2 Qxd2 26. Rxd2 Rc8 27. Bc4
Rc5 28. Kf1 Bc3 29. Rd1 a5 30. Ke2 Kg7 31. f3 Kf6 32. g3 Be5 33. Rf1 fxg3 34.
fxe4 gxh2 35. Rxf5+ Kg6 36. Rf1 Rc7 37. Kf3 Rg7 38. Kg2 Kh5+ 39. Kh1 Kh4 40.
Be2 Rc7 41. Bc4 Rg7 42. Be2 Rg8 43. Rd1 Rg3 44. Rf1 Rc3 45. Bb5 Re3 46. Bd7
Rxe4 47. a3 Rd4 48. Be6 Rd3 49. Rb1 h5 50. b4 axb4 51. axb4 Bd4 52. Kxh2 Rd2+
53. Kh1 Be3 54. Rb3 Re2 55. Bf7 Kg3 0-1

[Event "España tch 1a Division Sur"]
[Site "Burguillos ESP"]
[Date "2007.08.23"]
[Round "2.64"]
[White "Recuero Guerra, David"]
[Black "Vallejo Diaz, Jesus"]
[Result "1-0"]
[WhiteElo "2378"]
[BlackElo "2270"]
[PlyCount "85"]
[EventDate "2007.08.22"]
[EventType "team"]
[EventRounds "1"]
[EventCountry "ESP"]
[EventCategory "1"]
[Source "lmi"]
[SourceDate "2007.08.22"]
[WhiteTeam "Universidad de Oviedo"]
[BlackTeam "El Retiro"]

1. e4 c5 2. Nf3 e6 3. d4 cxd4 4. Nxd4 a6 5. c4 Nf6 6. Nc3 Qc7 7. a3 b6 8. Be3
Bb7 9. f3 d6 10. Be2 Be7 11. O-O O-O 12. Rc1 Re8 13. Qd2 Nbd7 14. b4 Rac8 15.
Kh1 Qb8 16. Rc2 Bd8 17. Rb1 Bc7 18. Bg1 Qa8 19. Na4 Ne5 20. Nb2 Kh8 21. Nd3
Nfd7 22. Rbc1 Qb8 23. Rb1 Qa8 24. Nb3 Bc6 25. Nxe5 Nxe5 26. c5 dxc5 27. bxc5 b5
28. Nd4 Red8 29. Qc1 Ng6 30. Be3 Be5 31. Nxc6 Qxc6 32. a4 Rb8 33. axb5 axb5 34.
Rb4 Qc7 35. g3 Ra8 36. Rxb5 Ra1 37. Rb1 Rda8 38. Kg2 Qc6 39. Rxa1 Rxa1 40. Qd2
Bc7 41. Rb2 h5 42. Ra2 Rb1 43. Qc2 1-0

[Event "España tch 1a Division Sur"]
[Site "Burguillos ESP"]
[Date "2007.08.23"]
[Round "2.71"]
[White "Campora Sivori, Daniel"]
[Black "Martinez Martin, David"]
[Result "1-0"]
[WhiteElo "2530"]
[BlackElo "2411"]
[PlyCount "69"]
[EventDate "2007.08.22"]
[EventType "team"]
[EventRounds "1"]
[EventCountry "ESP"]
[EventCategory "1"]
[Source "lmi"]
[SourceDate "2007.08.22"]
[WhiteTeam "Tiendas UPI B"]
[BlackTeam "Virgen de Atocha"]

1. e4 e6 2. d4 d5 3. Nc3 Nf6 4. e5 Nfd7 5. f4 c5 6. Nf3 Nc6 7. Be3 a6 8. Qd2 b5
9. dxc5 Bxc5 10. Bxc5 Nxc5 11. Bd3 b4 12. Ne2 Qb6 13. Ned4 Bd7 14. Qf2 Nxd4 15.
Qxd4 Bb5 16. O-O Rb8 17. Rfd1 Bxd3 18. cxd3 Na4 19. Rd2 Ke7 20. Qxb6 Nxb6 21.
Rc1 Rbc8 22. Rdc2 Rxc2 23. Rxc2 Rc8 24. Rxc8 Nxc8 25. Kf2 Na7 26. Nd4 Kd7 27.
Ke3 Kc7 28. g4 Nc6 29. Nf3 h6 30. h4 Ne7 31. h5 Kb6 32. Nd4 Kc7 33. f5 Kd7 34.
Kf4 a5 35. b3 1-0

[Event "España tch 1a Division Sur"]
[Site "Burguillos ESP"]
[Date "2007.08.23"]
[Round "2.72"]
[White "Gonzalez Somoza, Oliver"]
[Black "Sanchez Jimenez, Juan Carlos"]
[Result "1-0"]
[WhiteElo "2343"]
[BlackElo "2281"]
[PlyCount "57"]
[EventDate "2007.08.22"]
[EventType "team"]
[EventRounds "1"]
[EventCountry "ESP"]
[EventCategory "1"]
[Source "lmi"]
[SourceDate "2007.08.22"]
[WhiteTeam "Virgen de Atocha"]
[BlackTeam "Tiendas UPI B"]

1. d4 e6 2. e4 d5 3. Nc3 Bb4 4. e5 c5 5. a3 Bxc3+ 6. bxc3 Ne7 7. Nf3 Bd7 8. Bd2
Ba4 9. Rb1 Qc7 10. Bd3 Nd7 11. h4 Rc8 12. Kf1 b6 13. Rb2 c4 14. Be2 f6 15. h5
fxe5 16. h6 g6 17. dxe5 O-O 18. Bg5 Nc6 19. Bh4 Ndxe5 20. Bg3 Qf7 21. Nxe5 Nxe5
22. Rh4 Nc6 23. Rf4 Qe7 24. Bg4 Rxf4 25. Bxf4 Rf8 26. Bg3 Nd8 27. Qd4 Bd7 28.
Bd6 Rxf2+ 29. Kxf2 1-0

[Event "España tch 1a Division Sur"]
[Site "Burguillos ESP"]
[Date "2007.08.23"]
[Round "2.73"]
[White "Ruiz Jimenez, Francisco Jose"]
[Black "Rabadan Velasco, Raul"]
[Result "1-0"]
[WhiteElo "2215"]
[BlackElo "2325"]
[PlyCount "57"]
[EventDate "2007.08.22"]
[EventType "team"]
[EventRounds "1"]
[EventCountry "ESP"]
[EventCategory "1"]
[Source "lmi"]
[SourceDate "2007.08.22"]
[WhiteTeam "Tiendas UPI B"]
[BlackTeam "Virgen de Atocha"]

1. e4 c5 2. Nf3 d6 3. d4 cxd4 4. Nxd4 Nf6 5. Nc3 e6 6. Be3 a6 7. f3 Be7 8. Qd2
O-O 9. O-O-O Nc6 10. g4 Nd7 11. Kb1 Nde5 12. Be2 Na5 13. b3 b5 14. f4 Nec6 15.
g5 Nxd4 16. Qxd4 Nc6 17. Qd2 Qc7 18. Rhf1 Bd7 19. f5 Rfc8 20. f6 Bf8 21. Bf4
Nb4 22. Rf3 Qa5 23. Bxd6 Bxd6 24. Qxd6 Bc6 25. Qe5 Rd8 26. Bd3 Rac8 27. fxg7
Be8 28. g6 Nc6 29. gxh7+ 1-0

[Event "España tch 1a Division Sur"]
[Site "Burguillos ESP"]
[Date "2007.08.23"]
[Round "2.74"]
[White "Perez De Aranda, Leonardo Ivan"]
[Black "Castillo Gallego, Sergio"]
[Result "0-1"]
[WhiteElo "2160"]
[BlackElo "2207"]
[PlyCount "78"]
[EventDate "2007.08.22"]
[EventType "team"]
[EventRounds "1"]
[EventCountry "ESP"]
[EventCategory "1"]
[Source "lmi"]
[SourceDate "2007.08.22"]
[WhiteTeam "Virgen de Atocha"]
[BlackTeam "Tiendas UPI B"]

1. e4 e5 2. Nf3 Nc6 3. Bb5 Nge7 4. c3 d5 5. Qa4 Bd7 6. exd5 Nxd5 7. O-O Bd6 8.
Na3 O-O 9. Nc4 Nb6 10. Nxb6 axb6 11. Qe4 f5 12. Qd5+ Kh8 13. d4 Ne7 14. Qb3 e4
15. Ng5 Bxb5 16. Qxb5 Ng6 17. Qe2 Qe8 18. Qh5 h6 19. Re1 Kg8 20. Nh3 Qf7 21. g3
Ra5 22. Nf4 Bxf4 23. Bxf4 Kh7 24. a3 Ne5 25. Qxf7 Nf3+ 26. Kh1 Rxf7 27. Re2 g5
28. Bd2 Rd5 29. Be1 c5 30. dxc5 bxc5 31. g4 Rfd7 32. gxf5 Rd1 33. Rxd1 Rxd1 34.
Rxe4 Rxe1+ 35. Rxe1 Nxe1 36. Kg1 c4 37. Kf1 Nd3 38. Ke2 Nxb2 39. Ke3 Kg7 0-1

[Event "España tch 1a Division Sur"]
[Site "Burguillos ESP"]
[Date "2007.08.23"]
[Round "2.81"]
[White "Fenollar Jorda, Manuel"]
[Black "Figuero Toro, Julian"]
[Result "0-1"]
[WhiteElo "2267"]
[BlackElo "2254"]
[PlyCount "86"]
[EventDate "2007.08.22"]
[EventType "team"]
[EventRounds "1"]
[EventCountry "ESP"]
[EventCategory "1"]
[Source "lmi"]
[SourceDate "2007.08.22"]
[WhiteTeam "Oliva"]
[BlackTeam "Circulo Pacense"]

1. e4 c5 2. Nf3 Nc6 3. d4 cxd4 4. Nxd4 Nf6 5. Nc3 e5 6. Ndb5 d6 7. Bg5 a6 8.
Na3 b5 9. Nd5 Qa5+ 10. Bd2 Qd8 11. Bg5 Be7 12. Bxf6 Bxf6 13. c4 b4 14. Nc2 a5
15. g3 O-O 16. Bg2 Be6 17. O-O Bxd5 18. Qxd5 Qb6 19. Qd3 Bg5 20. h4 Bh6 21.
Rad1 Rad8 22. Kh2 Ne7 23. f4 exf4 24. gxf4 Ng6 25. Kg3 d5 26. Qd4 Qxd4 27. Rxd4
dxc4 28. h5 Rxd4 29. Nxd4 Rd8 30. Nc6 Rd3+ 31. Kg4 Nxf4 32. Bf3 g6 33. hxg6
hxg6 34. Ne5 Rd4 35. Rh1 Nh5 36. Rd1 Nf6+ 37. Kh3 Rxd1 38. Bxd1 Nxe4 39. Kg2 c3
40. bxc3 bxc3 41. Nc4 Nc5 42. Nxa5 Nd3 43. Nc6 c2 0-1

[Event "España tch 1a Division Sur"]
[Site "Burguillos ESP"]
[Date "2007.08.23"]
[Round "2.82"]
[White "Portalo Calero, Francisco"]
[Black "Mengual Bolo, Carlos"]
[Result "1/2-1/2"]
[WhiteElo "1949"]
[BlackElo "2145"]
[PlyCount "125"]
[EventDate "2007.08.22"]
[EventType "team"]
[EventRounds "1"]
[EventCountry "ESP"]
[EventCategory "1"]
[Source "lmi"]
[SourceDate "2007.08.22"]
[WhiteTeam "Circulo Pacense"]
[BlackTeam "Oliva"]

1. e4 c5 2. Nf3 d6 3. d4 cxd4 4. Nxd4 Nf6 5. Nc3 g6 6. f3 Bg7 7. Be3 O-O 8. Qd2
Nc6 9. Bc4 Bd7 10. a3 Qa5 11. Nxc6 Bxc6 12. Bh6 Bxh6 13. Qxh6 b5 14. b4 Qb6 15.
Bb3 Rac8 16. Qd2 Bb7 17. a4 bxa4 18. Nxa4 Qc7 19. O-O Ba6 20. Rfd1 Bc4 21. Bxc4
Qxc4 22. c3 Rfd8 23. Nb2 Qxc3 24. Qxc3 Rxc3 25. Rxa7 e6 26. Kf1 d5 27. e5 Nd7
28. Nd3 Rc2 29. Rda1 Rc3 30. Ke2 Rc2+ 31. Kf1 Rc3 32. Ke2 Nb6 33. R1a2 Nc4 34.
f4 Rb8 35. Rc7 h5 36. Raa7 Rc2+ 37. Ke1 Rf8 38. Nc5 Ne3 39. Nxe6 Nxg2+ 40. Kd1
Rxc7 41. Nxc7 Nxf4 42. b5 Rb8 43. Ra8 Rxa8 44. Nxa8 Ne6 45. b6 Nc5 46. Nc7 Nb7
47. Nxd5 Kf8 48. Ke2 Ke8 49. Ke3 Kd7 50. h4 Ke6 51. Kd4 Kd7 52. Nb4 Nd8 53. Kd5
Ne6 54. Na6 Kc8 55. Nc5 Nd8 56. Kd6 Nb7+ 57. Nxb7 Kxb7 58. Ke7 g5 59. hxg5 h4
60. Kxf7 h3 61. g6 h2 62. g7 h1=Q 63. g8=Q 1/2-1/2

[Event "España tch 1a Division Sur"]
[Site "Burguillos ESP"]
[Date "2007.08.23"]
[Round "2.83"]
[White "Pous Bargues, Jose Manuel"]
[Black "Martin Sanchez, Juan Jose"]
[Result "1-0"]
[WhiteElo "2115"]
[BlackElo "1901"]
[PlyCount "173"]
[EventDate "2007.08.22"]
[EventType "team"]
[EventRounds "1"]
[EventCountry "ESP"]
[EventCategory "1"]
[Source "lmi"]
[SourceDate "2007.08.22"]
[WhiteTeam "Oliva"]
[BlackTeam "Circulo Pacense"]

1. d4 c6 2. c4 d5 3. Nc3 e6 4. Bf4 Nf6 5. e3 Bb4 6. a3 Bxc3+ 7. bxc3 Ne4 8. Qb3
O-O 9. f3 Nf6 10. Bd3 dxc4 11. Bxc4 Nd5 12. Ne2 b5 13. Bd3 Qh4+ 14. Bg3 Qh6 15.
e4 Ne3 16. Kf2 Nc4 17. Bf4 g5 18. Bg3 Nd7 19. h4 g4 20. Bf4 Qg7 21. Bxc4 bxc4
22. Qxc4 Nb6 23. Qxc6 Ba6 24. Qd6 Rac8 25. Rac1 Bxe2 26. Kxe2 gxf3+ 27. Kxf3
Nc4 28. Qa6 h5 29. Bg5 Kh7 30. Qxa7 Rg8 31. a4 Nd2+ 32. Ke3 Nxe4 33. Qa5 Qg6
34. Rhg1 Nd6 35. Kf2 Qd3 36. Bf4 Ne4+ 37. Ke1 f5 38. Qb5 Rc4 39. Qd7+ Rg7 40.
Qxe6 Nxc3 41. Qe3 Qxe3+ 42. Bxe3 Re7 43. Kd2 Ne4+ 44. Kd3 Rxa4 45. Ra1 Rb4 46.
Rgb1 Rbb7 47. Rxb7 Rxb7 48. Bf4 Rb6 49. Ra8 Rg6 50. Ra2 Rg4 51. Ke3 Rxh4 52. d5
Rh1 53. Kd4 Rd1+ 54. Ke5 Rxd5+ 55. Ke6 Rb5 56. Ra7+ Kg6 57. g3 Nc5+ 58. Kd5
Ne4+ 59. Kc4 Rb6 60. Ra8 Rb7 61. Ra6+ Kf7 62. Rh6 Rb1 63. Rxh5 Kg6 64. Rh6+ Kg7
65. Ra6 Rg1 66. Kd5 Nxg3 67. Be5+ Kh7 68. Ra8 Rd1+ 69. Ke6 Ne4 70. Kxf5 Rf1+
71. Kxe4 Kg6 72. Kd5 Rb1 73. Ke6 Rb6+ 74. Bd6 Kg7 75. Ra3 Rb1 76. Rg3+ Kh6 77.
Be5 Rf1 78. Rg8 Kh5 79. Bg3 Rf3 80. Ke5 Rf7 81. Ke4 Re7+ 82. Be5 Rf7 83. Bf4
Re7+ 84. Kf3 Rf7 85. Rg2 Rf8 86. Rg5+ Kh6 87. Rg8+ 1-0

[Event "España tch 1a Division Sur"]
[Site "Burguillos ESP"]
[Date "2007.08.23"]
[Round "2.84"]
[White "Piedra Rascon, Elias"]
[Black "Canet Llido, Vicente"]
[Result "0-1"]
[WhiteElo "1612"]
[BlackElo "2062"]
[PlyCount "48"]
[EventDate "2007.08.22"]
[EventType "team"]
[EventRounds "1"]
[EventCountry "ESP"]
[EventCategory "1"]
[Source "lmi"]
[SourceDate "2007.08.22"]
[WhiteTeam "Circulo Pacense"]
[BlackTeam "Oliva"]

1. e4 c6 2. d4 d5 3. Nc3 dxe4 4. Nxe4 Nf6 5. Nxf6+ exf6 6. Nf3 Bd6 7. c4 O-O 8.
c5 Bc7 9. Be2 Bg4 10. O-O Re8 11. Be3 Nd7 12. b4 Nf8 13. h3 Bh5 14. Nh4 Bxe2
15. Qxe2 Qxd4 16. Nf5 Qe5 17. Ng3 f5 18. Qd2 Rad8 19. f4 Qxe3+ 20. Qxe3 Rxe3
21. Nxf5 Re4 22. Rad1 Rxd1 23. Rxd1 g6 24. Nd6 Rxb4 0-1

[Event "España tch 1a Division Sur"]
[Site "Burguillos ESP"]
[Date "2007.08.23"]
[Round "2.91"]
[White "Osuna Vega, Enrique"]
[Black "Landa, Konstantin"]
[Result "0-1"]
[WhiteElo "2166"]
[BlackElo "2669"]
[PlyCount "144"]
[EventDate "2007.08.22"]
[EventType "team"]
[EventRounds "1"]
[EventCountry "ESP"]
[EventCategory "1"]
[Source "lmi"]
[SourceDate "2007.08.22"]
[WhiteTeam "Algeciras"]
[BlackTeam "Isla Bonita"]

1. Nf3 d5 2. d4 Nf6 3. Bf4 c5 4. e3 Nc6 5. c3 Qb6 6. Qb3 c4 7. Qxb6 axb6 8. Ne5
Bf5 9. Nd2 e6 10. a3 h6 11. Be2 g5 12. Bg3 Bg7 13. h3 Nd7 14. Nxd7 Kxd7 15. e4
Bg6 16. O-O Ne7 17. exd5 exd5 18. f4 Kc6 19. fxg5 hxg5 20. Rfe1 Nf5 21. Bf2 Nd6
22. Bg3 Rhe8 23. Bxd6 Kxd6 24. Bf3 Re6 25. Bg4 Ree8 26. Bf3 f5 27. Rxe8 Rxe8
28. Kf2 Bh6 29. g4 Rf8 30. Kg2 f4 31. Re1 Bg7 32. Kf2 Bf6 33. Bg2 Ra8 34. Nf3
Be4 35. Nd2 Bd3 36. Nf3 Be4 37. Nd2 Bh7 38. Nf3 Ra5 39. Re2 Bd3 40. Rd2 Ra8 41.
Ne1 Bh7 42. Nc2 Re8 43. Nb4 Be4 44. Nc2 Re6 45. Ne1 Re8 46. Re2 b5 47. Nf3 Rh8
48. Re1 Ra8 49. Nd2 Bd3 50. Bf1 Bh7 51. Nf3 b4 52. axb4 Ra2 53. Re2 Bd3 54. Rd2
Be4 55. Re2 b6 56. Nh2 Kc6 57. Bg2 Kd7 58. Bf3 Bd3 59. Rd2 Kc6 60. Nf1 Be4 61.
Re2 Kb5 62. Bxe4 dxe4 63. Rxe4 Rxb2+ 64. Re2 Rb3 65. Rc2 Rxc3 66. Rxc3 Bxd4+
67. Kf3 Bxc3 68. h4 gxh4 69. Kxf4 Kxb4 70. Ne3 Bh8 71. g5 c3 72. Nd5+ Kb3 0-1

[Event "España tch 1a Division Sur"]
[Site "Burguillos ESP"]
[Date "2007.08.23"]
[Round "2.92"]
[White "De La Cruz Sanchez, Carlos Gustavo"]
[Black "Viñas Guerrero, Carlos Alberto"]
[Result "1-0"]
[WhiteElo "2278"]
[BlackElo "2105"]
[PlyCount "55"]
[EventDate "2007.08.22"]
[EventType "team"]
[EventRounds "1"]
[EventCountry "ESP"]
[EventCategory "1"]
[Source "lmi"]
[SourceDate "2007.08.22"]
[WhiteTeam "Isla Bonita"]
[BlackTeam "Algeciras"]

1. e4 c5 2. c3 d5 3. exd5 Qxd5 4. d4 Nf6 5. Nf3 Bg4 6. Be2 e6 7. Na3 Nc6 8. Be3
cxd4 9. Nb5 Qd7 10. Nbxd4 Be7 11. Nxc6 Qxc6 12. O-O h5 13. Qb3 a6 14. h3 Bd6
15. Rfd1 Nd5 16. Nd4 Qc7 17. hxg4 hxg4 18. Bxg4 Bh2+ 19. Kf1 Be5 20. Bf3 O-O-O
21. Bxd5 Rxd5 22. Nf3 Rb5 23. Qc2 Rh1+ 24. Ke2 Qc4+ 25. Kd2 Rd5+ 26. Nd4 Rh4
27. Qd3 Bxd4 28. Qxc4+ 1-0

[Event "España tch 1a Division Sur"]
[Site "Burguillos ESP"]
[Date "2007.08.23"]
[Round "2.93"]
[White "Flores Chico, Jorge"]
[Black "Garcia De La Banda, Francisco"]
[Result "0-1"]
[WhiteElo "2096"]
[BlackElo "2193"]
[PlyCount "52"]
[EventDate "2007.08.22"]
[EventType "team"]
[EventRounds "1"]
[EventCountry "ESP"]
[EventCategory "1"]
[Source "lmi"]
[SourceDate "2007.08.22"]
[WhiteTeam "Algeciras"]
[BlackTeam "Isla Bonita"]

1. d4 f5 2. Nc3 Nf6 3. Bg5 e6 4. e4 fxe4 5. Be2 d5 6. Bh5+ g6 7. Be2 c5 8. dxc5
Bxc5 9. Nxe4 Be7 10. Ng3 Qd6 11. Nf3 a6 12. O-O Nbd7 13. Re1 b5 14. Bf1 O-O 15.
h4 e5 16. h5 e4 17. Nh4 Ne5 18. hxg6 hxg6 19. a4 b4 20. Qd2 Nfg4 21. Bxe7 Qxe7
22. Qxd5+ Be6 23. Nxg6 Qf6 24. Qxe4 Qxf2+ 25. Kh1 Qxg3 26. Ne7+ Kg7 0-1

[Event "España tch 1a Division Sur"]
[Site "Burguillos ESP"]
[Date "2007.08.23"]
[Round "3.12"]
[White "Camacho Collados, Jose"]
[Black "Romero Holmes, Alfonso"]
[Result "0-1"]
[WhiteElo "2269"]
[BlackElo "2519"]
[PlyCount "98"]
[EventDate "2007.08.22"]
[EventType "team"]
[EventRounds "1"]
[EventCountry "ESP"]
[EventCategory "1"]
[Source "lmi"]
[SourceDate "2007.08.22"]
[WhiteTeam "Motril"]

1. e4 c5 2. Nf3 d6 3. d4 cxd4 4. Nxd4 Nf6 5. Nc3 Nc6 6. Bc4 Bd7 7. Be3 Na5 8.
Be2 Rc8 9. O-O g6 10. f4 Rxc3 11. bxc3 Nxe4 12. Nb5 a6 13. Qd4 Nf6 14. Qb6 Bxb5
15. Bxb5+ axb5 16. Qxd8+ Kxd8 17. Bb6+ Kd7 18. Bxa5 Kc6 19. Rfb1 b6 20. Bb4 Bh6
21. a4 bxa4 22. Rxa4 Bxf4 23. Ra7 Nd7 24. Re1 Be5 25. Re4 Kd5 26. Re1 Ke6 27.
Rea1 Rc8 28. Rb7 Nf6 29. Rxb6 Nd5 30. Rb7 Nxb4 31. Rxb4 Bxc3 32. Re4+ Kd5 33.
Raa4 e5 34. Re2 f5 35. Rh4 h5 36. Rh3 f4 37. Kf1 e4 38. Rh4 Rf8 39. Rf2 Ke5 40.
Ke2 Bd4 41. Rf1 d5 42. Rb1 Rc8 43. Kd1 Bf2 44. Rh3 e3 45. Ra1 Rc4 46. Ra3 Ke4
47. Rd3 Ra4 48. Ke2 Ra2 49. Rc3 Ra1 0-1

[Event "España tch 1a Division Sur"]
[Site "Burguillos ESP"]
[Date "2007.08.23"]
[Round "3.13"]
[White "Gomez Esteban, Juan Mario"]
[Black "Fernandez Montoro, Jorge"]
[Result "1-0"]
[WhiteElo "2482"]
[BlackElo "2190"]
[PlyCount "83"]
[EventDate "2007.08.22"]
[EventType "team"]
[EventRounds "1"]
[EventCountry "ESP"]
[EventCategory "1"]
[Source "lmi"]
[SourceDate "2007.08.22"]
[BlackTeam "Motril"]

1. d4 Nf6 2. Nf3 g6 3. c4 Bg7 4. g3 O-O 5. Bg2 d6 6. O-O Nc6 7. Nc3 Bg4 8. d5
Na5 9. Nd2 c5 10. h3 Bd7 11. Rb1 Rb8 12. b3 a6 13. Bb2 b5 14. Qc2 bxc4 15. bxc4
e5 16. Ba1 Qc7 17. Rxb8 Rxb8 18. Rb1 Rxb1+ 19. Ncxb1 Nh5 20. Bc3 f5 21. Qb2 Nb7
22. e3 e4 23. g4 Bxc3 24. Nxc3 fxg4 25. hxg4 Bxg4 26. Ncxe4 Qe7 27. Qb6 a5 28.
Qa7 Kf8 29. Qb8+ Kg7 30. Qa7 Bc8 31. Nb3 Nf6 32. Nxf6 Qxf6 33. Qb8 Qd8 34. Nd2
h5 35. Ne4 Kh6 36. f4 h4 37. Ng5 Qe7 38. Kf2 Qf8 39. Bh3 Qf6 40. Qxc8 Qb2+ 41.
Kf3 Qa1 42. Qf8+ 1-0

[Event "España tch 1a Division Sur"]
[Site "Burguillos ESP"]
[Date "2007.08.23"]
[Round "3.14"]
[White "Cuesta Bustos, Sergio"]
[Black "Varas Gonzalez, Carlos"]
[Result "1/2-1/2"]
[WhiteElo "2162"]
[BlackElo "2232"]
[PlyCount "43"]
[EventDate "2007.08.22"]
[EventType "team"]
[EventRounds "1"]
[EventCountry "ESP"]
[EventCategory "1"]
[Source "lmi"]
[SourceDate "2007.08.22"]

1. d4 Nf6 2. Nf3 e6 3. c4 Bb4+ 4. Bd2 Qe7 5. Qb3 a5 6. a3 Bxd2+ 7. Nfxd2 O-O 8.
e4 d6 9. Nc3 Nc6 10. Nb5 e5 11. d5 Nd4 12. Qc3 Re8 13. Bd3 Nxb5 14. cxb5 Nd7
15. O-O Nc5 16. b4 Nxd3 17. Qxd3 axb4 18. axb4 Bd7 19. Rfc1 h6 20. h3 Rxa1 21.
Rxa1 f5 22. f3 1/2-1/2

[Event "España tch 1a Division Sur"]
[Site "Burguillos ESP"]
[Date "2007.08.23"]
[Round "3.21"]
[White "Conquest, Stuart C"]
[Black "Galego, Luis"]
[Result "1/2-1/2"]
[WhiteElo "2546"]
[BlackElo "2524"]
[PlyCount "49"]
[EventDate "2007.08.22"]
[EventType "team"]
[EventRounds "1"]
[EventCountry "ESP"]
[EventCategory "1"]
[Source "lmi"]
[SourceDate "2007.08.22"]
[WhiteTeam "Oberena"]

1. d4 Nf6 2. c4 e6 3. Nc3 Bb4 4. e3 O-O 5. Bd3 d5 6. Nf3 c5 7. O-O dxc4 8. Bxc4
cxd4 9. exd4 Nc6 10. Bg5 Be7 11. Re1 a6 12. Qd2 b5 13. Bf1 Bb7 14. Rad1 Nb4 15.
Bxf6 Bxf6 16. Ne4 Bxe4 17. Rxe4 Qd6 18. a3 Nd5 19. h4 b4 20. Ra1 bxa3 21. Rxa3
Rfb8 22. Bc4 Qb4 23. Qxb4 Nxb4 24. b3 Rd8 25. Ra5 1/2-1/2

[Event "España tch 1a Division Sur"]
[Site "Burguillos ESP"]
[Date "2007.08.23"]
[Round "3.23"]
[White "Huerga Leache, Mikel"]
[Black "Glud, Jakob Vang"]
[Result "1/2-1/2"]
[WhiteElo "2370"]
[BlackElo "2424"]
[PlyCount "32"]
[EventDate "2007.08.22"]
[EventType "team"]
[EventRounds "1"]
[EventCountry "ESP"]
[EventCategory "1"]
[Source "lmi"]
[SourceDate "2007.08.22"]
[WhiteTeam "Oberena"]

1. d4 d5 2. c4 c6 3. Nf3 Nf6 4. e3 Bf5 5. Nc3 e6 6. Nh4 Bg6 7. Qb3 Qb6 8. Nxg6
hxg6 9. Bd2 Nbd7 10. Be2 Be7 11. O-O O-O 12. Rfc1 Rac8 13. Rc2 Qxb3 14. axb3 a6
15. Rac1 Bb4 16. Bf3 Rfe8 1/2-1/2